000
00320nam a22001457a 4500
008
230913b ||||| |||| 00| 0 eng d
020
_a
9780521582780
041
_a
eng
080
_a
521
082
_a
521CAT
100
_a
19
101
_a
ASTRO
245
_a
BUILDING PLANET EARTH
_c
CATTERMOLE .P
942
_2
udc
_c
BK
999
_c
60381
_d
60381